000 00618nam a22002297a 4500
003 UA-OsUOA
001 68712
007 ta
008 20100514b un ||||| |||| 00| 0 ukr d
100 _aРибак С.
700 _aЛазебник Л.
090 _a330
_bР49
942 _cSA
040 _aUA-OsUOA
_bukr
_cUA-OsUOA
_dUA-OsUOA
245 _aЗастосування інтеграційних механізмів у фінансовій політиці
300 _aС.46-55
955 _a0
041 _aukr
080 _a330
773 0 _w68710
650 7 _a330 Економіка взагалі
_2UDC
999 _c354965
_d354965